| 000 | 00328nam a2200121Ia 4500 | ||
|---|---|---|---|
| 005 | 20251222154320.0 | ||
| 008 | 251222s9999||||xx |||||||||||||| ||spa|| | ||
| 020 | _a978-987-660-100-9 | ||
| 082 | _a333.7/C28 | ||
| 100 | _a"Caro, Juan Carlos" | ||
| 245 | 0 | _aContabilidad ambiental: Ventajas del desarrollo sostenible | |
| 942 | _cLIB | ||
| 999 |
_c33753 _d33753 |
||